Putera raja & jin kenet

Bibliographic Details
Format: Book
Published: Selangor : Penerbit Mega Setia Emas , 2005
Series:Siri mitos nusantara
Subjects:

MARC

LEADER 00000cam a2200000 7i4500
001 0000001401
005 20151222.0
008 070705
020 |a 9831434013 
020 |a 983143417X(set) 
090 0 0 |a JF   |b FT MAL (1082) 
245 0 0 |a Putera raja & jin kenet   |c Diselenggarakan oleh Sulaiman Zakaria 
260 |a Selangor :   |b Penerbit Mega Setia Emas ,   |c 2005 
440 |a Siri mitos nusantara 
500 |a Children ages 7-9 years old (orange) 
650 0 |a Fantasy fiction, Malay 
999 |a 0000007196   |b Book   |c Children Collection   |e Cawangan Taman Universiti 
999 |a 0000007197   |b Book   |c Children Collection   |e Cawangan Taman Universiti 
999 |a 0000007198   |b Book   |c Children Collection   |e Cawangan Taman Universiti 
999 |a 0000958019   |b Book   |c Children Collection   |e Perbadanan Perpustakaan Awam Johor 
999 |a 0000958020   |b Book   |c Children Collection   |e Perbadanan Perpustakaan Awam Johor 
999 |a 0000958021   |b Book   |c Children Collection   |e Perbadanan Perpustakaan Awam Johor 
999 |a 0000958022   |b Book   |c Children Collection   |e Perbadanan Perpustakaan Awam Johor 
999 |a 0000958023   |b Book   |c Children Collection   |e Cawangan Batu Pahat